| 000 | 00651nam a2200229 4500 | ||
|---|---|---|---|
| 999 |
_c1216 _d1216 |
||
| 001 | 15381 | ||
| 003 | BD-DhUAP | ||
| 005 | 20200203165600.0 | ||
| 008 | 200203r20102000ii ||||| |||| 001 0 eng d | ||
| 020 | _a9788175343412 | ||
| 040 |
_aBD-DhUAP _bEng _cBD-DhUAP _dBD-DhUAP |
||
| 082 |
_223 _a340.068 CAM |
||
| 100 | _aCampbell, Iain. | ||
| 245 |
_aWhat every good lawyer should know / _cIain Campbell. |
||
| 260 |
_aNew Delhi : _bUniversal law publishing, _cc2000 [Reprinted 2010]. |
||
| 300 |
_a129 pages ; _c23 cm. |
||
| 500 | _aIncludes index. | ||
| 650 | _aLaw offices. | ||
| 650 | _aLawyers. | ||
| 650 |
_aLawyers _vDiscipline. |
||
| 942 |
_2ddc _cBK |
||